|
|
|
|
| LEADER |
00000nam0a2200000 4500 |
| 001 |
317688 |
| 005 |
20231102003012.0 |
| 010 |
|
|
|a 9785918721360
|
| 035 |
|
|
|a (RuTPU)RU\TPU\book\343156
|
| 035 |
|
|
|a BOOK00002039
|
| 035 |
|
|
|a RU\TPU\book\35387
|
| 090 |
|
|
|a 317688
|
| 100 |
|
|
|a 20011210d2016 m y0rusy50 ca
|
| 101 |
0 |
|
|a rus
|
| 102 |
|
|
|a RU
|
| 105 |
|
|
|a a j 001zy
|
| 200 |
1 |
|
|a Разработка и эксплуатация нефтяных, газовых и газоконденсатных месторождений
|e учебник
|f Ш. К. Гиматудинов [и др.]
|
| 205 |
|
|
|a Изд. стер.
|
| 210 |
|
|
|a Москва
|c Альянс
|d 2016
|
| 215 |
|
|
|a 302 с.
|
| 320 |
|
|
|a Библиогр.: с. 299
|
| 320 |
|
|
|a Обозначения основных величин: с. 297-298
|
| 330 |
|
|
|a Приведены физические свойства горных пород и пластовых флюидов, рассмотрены источники пластовой энергии, описаны способы исследования нефтяных и газовых скважин, методики интерпретации результатов исследований. Изложены основы разработки нефтяных и газовых месторождений, описаны методы повышения нефте- и газоотдачи. Рассмотрены технологии эксплуатации скважин различными способами, сбора, подготовки и транспортирования нефти, газа, газового конденсата и воды. Описаны технические свойства, даны их технические характеристики. Для студентов инженерно-экономических, геологоразведочных и механических факультетов нефтяных вузов.
|
| 451 |
|
1 |
|0 (RuTPU)RU\TPU\book\70718
|t Разработка и эксплуатация нефтяных и газовых месторождений
|o учебник
|f В. М. Муравьев
|e 3-е изд., перераб. и доп.
|c М.
|n Недра
|d 1970
|p 446 с.
|
| 606 |
1 |
|
|a Нефтегазовые месторождения
|x Системы разработки
|x Эксплуатация
|2 stltpush
|3 (RuTPU)RU\TPU\subj\45562
|9 64757
|
| 610 |
1 |
|
|a нефть
|
| 610 |
1 |
|
|a газ
|
| 610 |
1 |
|
|a горные породы
|
| 610 |
1 |
|
|a физические свойства
|
| 610 |
1 |
|
|a пластовая энергия
|
| 610 |
1 |
|
|a пласты
|
| 610 |
1 |
|
|a вскрытие
|
| 610 |
1 |
|
|a скважины
|
| 610 |
1 |
|
|a продуктивность
|
| 610 |
1 |
|
|a гидродинамические исследования
|
| 610 |
1 |
|
|a нефтяные месторождения
|
| 610 |
1 |
|
|a разработка
|
| 610 |
1 |
|
|a отдача
|
| 610 |
1 |
|
|a повышение
|
| 610 |
1 |
|
|a газовые месторождения
|
| 610 |
1 |
|
|a газоконденсатные месторождения
|
| 610 |
1 |
|
|a фонтанная эксплуатация
|
| 610 |
1 |
|
|a газлифтная эксплуатация
|
| 610 |
1 |
|
|a глубинные насосы
|
| 610 |
1 |
|
|a призабойные зоны
|
| 610 |
1 |
|
|a воздействие
|
| 610 |
1 |
|
|a сбор
|
| 610 |
1 |
|
|a подготовка
|
| 610 |
1 |
|
|a нефтепромысловые сточные воды
|
| 610 |
1 |
|
|a транспорт
|
| 610 |
1 |
|
|a подземное хранение
|
| 610 |
1 |
|
|a учебники
|
| 675 |
|
|
|a 622.276(075.8)
|v 3
|
| 701 |
|
1 |
|a Гиматудинов
|b Ш. К.
|
| 701 |
|
1 |
|a Дунюшкин
|b И. И.
|
| 701 |
|
1 |
|a Зайцев
|b В. М.
|
| 701 |
|
1 |
|a Коротаев
|b Ю. П.
|
| 701 |
|
1 |
|a Левыкин
|b Е. В.
|
| 701 |
|
1 |
|a Сахаров
|b В. А.
|
| 702 |
|
1 |
|a Гиматудинов
|b Ш. К.
|4 340
|
| 801 |
|
1 |
|a RU
|b 63413507
|c 20160412
|
| 801 |
|
2 |
|a RU
|b 63413507
|c 20230404
|g RCR
|
| 900 |
|
|
|a Разработка и эксплуатация газовых и газоконденсатных месторождений
|
| 900 |
|
|
|a Разработка и эксплуатация нефтяных и газовых месторождений
|
| 942 |
|
|
|c BK
|
| 959 |
|
|
|a 36/20160411
|d 20
|e 0
|f ЧЗТЛ:1
|f УФ:19
|